Fundamental of actuarial mathematics (Record no. 1938)

MARC details
000 -LEADER
fixed length control field 00430 a2200169 4500
001 - CONTROL NUMBER
control field 068205
003 - CONTROL NUMBER IDENTIFIER
control field OSt
005 - DATE AND TIME OF LATEST TRANSACTION
control field 20220128142123.0
008 - FIXED-LENGTH DATA ELEMENTS--GENERAL INFORMATION
fixed length control field
082 ## - DEWEY DECIMAL CLASSIFICATION NUMBER
Classification number 368.01
Item number P94F
100 1# - MAIN ENTRY--PERSONAL NAME
Personal name Promislow, S. David
245 1# - TITLE STATEMENT
Title Fundamental of actuarial mathematics
Statement of responsibility, etc by S. David Promislow
260 ## - PUBLICATION, DISTRIBUTION, ETC. (IMPRINT)
Place of publication, distribution, etc India
Name of publisher, distributor, etc Wiley
Date of publication, distribution, etc 2009
300 ## - PHYSICAL DESCRIPTION
Extent 372p.
653 ## - INDEX TERM--UNCONTROLLED
Uncontrolled term Actuarial mathematics
942 ## - ADDED ENTRY ELEMENTS (KOHA)
Source of classification or shelving scheme Dewey Decimal Classification
Koha item type Books
Holdings
Withdrawn status Lost status Source of classification or shelving scheme Damaged status Not for loan Collection code Home library Current library Date acquired Source of acquisition Cost, normal purchase price Full call number Barcode Date last seen Price effective from Koha item type
    Dewey Decimal Classification     General Text Book Central University Of Rajasthan Central University Of Rajasthan 07/03/2012 STT 4173.00 368.01 P94F 2492 21/11/2024 02/09/2020 Books